000 00644nam a2200277Ia 4500
005 20260324135521.0
008 008 260324s9999 xx 000 0 eng d
020 _a9781315839363
037 _aEBOOK
040 _aCRL
040 _beng
040 _cCRL
041 _2eng
041 _aeng
084 _qCRL
100 _aM.S. Anderson
_91193500
245 0 _aEurope in the Eighteenth Century 1713-1789
260 _bTaylor and Francis
260 _c2000
365 _a
365 _b230
856 _uhttp://www.taylorfrancis.com/books/9781315839363
942 _cEBOOK
999 _c1802038
_d1802038